000
00415nam a2200169Ia 4500
008
100917s9999 xx 000 0 und d
082
_b
8981
100
_a
भावे पु. भा.
245
_a
व्याध
260
_b
---
_c
1970
365
_b
4.5
520
_a
कादंबरी
630
_a
व्याध
650
_a
कादंबरी
730
_a
व्याध
942
_c
BOOK
999
_c
614375
_d
614372